Annales de l'Institut de physique du globe. Ptie. 2, Séismologie.

محفوظ في:
التفاصيل البيبلوغرافية
العنوان السابق:Université de Strasbourg. Institut de physique du globe. Annuaire.
مؤلف مشترك: Université de Strasbourg. Institut de physique du globe
التنسيق: دورية
اللغة:French
منشور في: Strasbourg : [Le Institut], 1939-
سلاسل:Bulletin du Bureau central séismologique français.
الموضوعات:
LEADER 01455nas a2200325 a 4500
001 c000165640
003 CARM
005 20021022120452.0
008 951019u1936uuuufr ar 0 b0fre d
019 1 |a 24154567  |z 50521776  |5 LACONCORD2021 
035 |a (OCoLC)33327764  |5 LACONCORD2021 
040 |a NYP  |b eng  |c NYP  |d VU 
110 2 |a Université de Strasbourg. Institut de physique du globe. 
245 1 0 |a Annales de l'Institut de physique du globe.  |n Ptie. 2,  |p Séismologie. 
260 |a Strasbourg :  |b [Le Institut],  |c 1939- 
300 |a v. ;  |c 29-32 cm. 
310 |a Annual. 
362 0 |a Tome 1 (1936)- 
440 0 |a Bulletin du Bureau central séismologique français. 
500 |a 1936-1939 also called Bulletin du Bureau central séismologique français. 
580 |a Called "Nouvelle série" in continuation of its Annuaire (1919-1935), which it continues in part. 
650 0 |a Seismology. 
650 0 |a Earthquakes  |x Observations  |z France  |z Alsace. 
650 0 |a Earthquakes  |x Observations  |z France  |z Lorraine. 
780 1 1 |a Université de Strasbourg. Institut de physique du globe. Annuaire. 
852 8 |b CARM  |h A2:AR09D2  |i E01350  |p 0214946  |f SE 
866 0 |a 17(1952)-23(1958) Inc. 
866 |a 17(1952)-23(1958) Inc. 
999 f f |i a9c7909d-d88d-50f3-87ae-fef1e7aff8b2  |s 9ae34506-7a70-5727-a62f-6404fbbd21ee 
952 f f |p Can circulate  |a CAVAL  |b CAVAL  |c CAVAL  |d CARM 1 Store  |e E01350  |f A2:AR09D2  |h Other scheme  |i book  |k 17(1952)-19(1954),21(1956)-23(1958)  |m 0214946